Historia - quiz wielokrotnego wyboru #1 - Statystyki

Ogólne statystyki
  • Ten quiz został rozwiązany 2 303 razy
  • Średni wynik to 10 z 15
Statystyki odpowiedzi
Zagadnienie Odpowiedź % Poprawnych
Którego z tych krajów Związek Radziecki NIGDY nie najechał? Szwecja
87%
Które wydarzenie wywołało pierwszą wojnę światową? Zabójstwo arcyksięcia Franciszka Ferdynanda
87%
Które z poniższych było wynikiem „Wielkiego Skoku Naprzód” Mao, planu przebudowy agrarnej gospodarki Chin? Głód, który zabił 36 milionów ludzi
80%
Jeśli chodzi o broń, czym jest pika? Bardzo długa włócznia
79%
Ile żon miał Henryk VIII? 6
73%
Czym było Cesarstwo Bizantyjskie? Kontynuacja Cesarstwa Rzymskiego
71%
Gdzie narodził się Zaratusztrianizm? Persja
68%
Dlaczego wielorybnicy polowali na kaszaloty? Dla oleju do produkcji świec
66%
Czego używa dendrochronolog do ustalania dat? Słoje drzew
66%
Przędzarka była jedną z najwcześniejszych innowacji rewolucji przemysłowej. Czym była ,,przędąca Joasia"? Urządzenie do produkcji tkanin
65%
Które z poniższych NIE zostało pierwotnie wynalezione w Chinach? Beton
64%
Kiedy ostatni raz Moskwa została zdobyta przez obce mocarstwo? Przez Napoleona w 1812 r.
58%
Które z tych miast NIE zostało założone przez Rzymian? Aleksandria
48%
Kto jako pierwszy okrążył Ziemię? Jurij Gagarin
48%
Który z poniższych pisarzy NIE był Anglikiem? Oscar Wilde
34%
Nie znaleziono quizów pasujących do podanych kryteriów
Rozkład punktacji
Procent ludzi z każdym wynikiem
Percentyl według liczby udzielonych odpowiedzi
Twoja historia wyników
Nie rozwiązałeś tego quizu